| 000 | 00908cam a2200205 4500 | ||
|---|---|---|---|
| 001 | ABS66252 | ||
| 008 | 021223n2002 000 0 eng u | ||
| 035 | _a(Sirsi) u120874 | ||
| 100 | _aWebster, P | ||
| 245 | _aSecured lending issues in South Africa | ||
| 260 | _c2002 | ||
| 490 |
_aPFI Intelligence Bulletin _v 7(7) October 2002, 14-16(3) |
||
| 520 | _aAnalyses the various legal issues which affect PPPs in South Africa. These considerations are primarily financial, revolving around whether investments are secure. Other topics include levels of control, regulations, guarantees and even the importance of customary law and informal rights as evidenced by the role of tribal chiefs. | ||
| 590 | _aABS | ||
| 650 | _aPUBLIC PRIVATE PARTNERSHIPS | ||
| 650 | _aREPUBLIC OF SOUTH AFRICA | ||
| 650 | _aFLOATING CHARGES | ||
| 690 | _aMANAGEMENT-BUSINESS MANAGEMENT-FINANCIAL MANAGEMENT | ||
| 942 | _n0 | ||
| 999 |
_c71846 _d71846 |
||